Mastermind - Taylor Swift (All Lyrics) - Statistics

General Stats
  • This quiz has been taken 243 times
  • The average score is 306 of 337
Answer Stats
Lyrics % Correct
I
99%
a
98%
it
98%
It
98%
mastermind?
98%
mastermind
98%
No
98%
the
98%
The
98%
To
98%
to
98%
You
98%
you
98%
all
97%
and
97%
And
97%
if
97%
If
97%
I'm
97%
me
97%
of
97%
Of
97%
on
97%
was
97%
What
97%
in
96%
In
96%
time,
96%
time
96%
told
96%
'Cause
95%
first
95%
mine
95%
none
95%
saw
95%
Saw
95%
up
95%
your
95%
you're
95%
Once
94%
that
94%
upon
94%
do
93%
like
93%
now
93%
plan,
93%
plan
93%
At
92%
same
92%
accidental?
91%
accidental
91%
as
91%
by
91%
design
91%
knew
91%
lit
91%
one
91%
stars
91%
wanted
90%
ever
89%
I've
88%
Just
88%
line
88%
love
88%
play
88%
So
88%
then
88%
fail
87%
kid
87%
little
87%
room
87%
see,
87%
with
87%
clockwork
86%
is
86%
this
86%
This
86%
aligned
85%
night
85%
body
84%
couldn't
84%
did
84%
gonna
84%
make
84%
planets
84%
way
84%
we
84%
been
83%
ended
83%
Had
83%
since
83%
stop
83%
dominoes
82%
entire
82%
Nothing
82%
smile
82%
care
81%
criminal
81%
every
81%
felt
81%
game
81%
need
81%
them
81%
were
81%
confess
80%
face
80%
groundwork,
80%
laid
80%
only
80%
scheming
80%
seem
80%
lose
79%
women
79%
cascaded
78%
Checkmate,
78%
effortless
78%
lover's
78%
reaction
78%
chain
77%
born
76%
fuse
74%
hand
74%
smirk
74%
our
73%
swear
73%
Yeah,
73%
touch
72%
wisest
72%
countermoves
71%
equation
71%
for
71%
cocktails
69%
liquor
67%
wide
67%
cryptic
65%
wind
65%
assess
64%
free
64%
fates
63%
pawn
63%
Strategy
62%
Machiavellian
60%
scene
60%
sets
60%
tale
60%
sails
59%
flowing
55%
No matching quizzes found
Score Distribution
Percent of People with Each Score
Percentile by Number Answered
Your Score History
You have not taken this quiz